000
00328nam a2200145Ia 4500
100
_a
Cobbold/ R.S.C.
942
_c
BK
654
_a
transducers
245
_a
Transducers for Biomedical measurement
260
_b
John Wiley
_a
New Delhi
_c
1974
082
_a
610.28
_b
COB
300
_a
486
546
_a
ENGLISH
999
_c
27625
_d
27625